জীবন ও প্রকৃতি / (Record no. 31206)

MARC details
000 -LEADER
fixed length control field 00937nam a22002177a 4500
003 - CONTROL NUMBER IDENTIFIER
control field BDDh-ASL
005 - DATE AND TIME OF LATEST TRANSACTION
control field 20231015031237.0
008 - FIXED-LENGTH DATA ELEMENTS--GENERAL INFORMATION
fixed length control field 230321s2007 b ||||| |||| 00| 0 b d
040 ## - CATALOGING SOURCE
Transcribing agency BDDh-ASL
041 ## - LANGUAGE CODE
Language code of text/sound track or separate title bengali
082 ## - DEWEY DECIMAL CLASSIFICATION NUMBER
Classification number 362.5492
Item number BIJ
100 1# - MAIN ENTRY--PERSONAL NAME
Personal name বিল্লাহ, এ এইচ এম মোস্তাইন
9 (RLIN) 7611
245 10 - TITLE STATEMENT
Title জীবন ও প্রকৃতি /
246 ## - VARYING FORM OF TITLE
Title proper/short title Jibon O Prakriti.
260 ## - PUBLICATION, DISTRIBUTION, ETC.
Place of publication, distribution, etc. ঢাকা:
Name of publisher, distributor, etc. পালক পাবলিশার্স,
Date of publication, distribution, etc. ২০০৭।
300 ## - PHYSICAL DESCRIPTION
Extent ৪৩৫ পৃষ্ঠা:
Dimensions ২২ সে.মি.
504 ## - BIBLIOGRAPHY, ETC. NOTE
Bibliography, etc. note গ্রন্থপঞ্জি সংযুক্ত ।
650 #0 - SUBJECT ADDED ENTRY--TOPICAL TERM
Topical term or geographic name entry element Social Science (সমাজ বিজ্ঞান)
9 (RLIN) 5535
650 #0 - SUBJECT ADDED ENTRY--TOPICAL TERM
Topical term or geographic name entry element Social Development (সামাজিক উন্নয়ন), Sāmājika unnaẏana, Union development, ইউনিয়ন উন্নয়ন
9 (RLIN) 5652
942 ## - ADDED ENTRY ELEMENTS (KOHA)
Source of classification or shelving scheme Dewey Decimal Classification
Koha item type Books
Holdings
Withdrawn status Lost status Source of classification or shelving scheme Damaged status Not for loan Collection code Home library Current library Shelving location Date acquired Source of acquisition Total Checkouts Full call number Barcode Date last seen Copy number Price effective from Koha item type Public note
    Dewey Decimal Classification     Non-fiction Asiatic Society Library Asiatic Society Library General Stacks 03/21/2023 Complimentary   362.5492 BIJ 119832 03/21/2023 C-1 03/21/2023 Books Y-2007

Powered by Koha